000 01284cad a22002175a 4500
001 E152571
008 110329s2009 xxk 000 0 eng u
035 _a(Sirsi) u152571
041 0 _aeng
110 2 _aRoyal Institution of Chartered Surveyors
_bOceania
_95802
245 0 0 _aBest practice guidance notes for the technical due diligence of commercial & industrial property in Australia
_c[old edition]
260 _aSydney
_bRICS Oceania
_c2009
490 0 _aRICS Guidance Note
520 _aThe purpose of this document is to provide practical guidance to property professionals (being the professional providing the Technical Due Diligence services) and their Clients (being the recipient of those services) when providing, or receiving, professional advice in connection with Technical Due Diligence exercises which relate to transactions involving real estate and improvements.
520 _aSuperseded by Technical due diligence of commercial property 1st edition, global guidance note (ISBN 9781783213788)
590 _aKA
651 4 _aAustralia
690 _aPROPERTY-ACQUISITION AND DISPOSAL OF PROPERTY
856 4 0 _uhttps://www.rics.org/profession-standards/knowledge-and-information-services
_zRequest an archived copy from [email protected]
942 _n0
_2ddc
999 _c112123
_d112123